000 00411nam a2200145 a 4500
001 000013649
005 20200929163310.0
008 091127s1921 dr 000 0 spa d
040 _aDO-SdBNP
_bspa
_cBNPHU
100 1 _aRodríguez B. Ml de Js.
_931070
245 1 0 _aInfidencias /
_cMl de Js. Rodríguez B.
260 _aSanto Domingo :
_bImpresora Montalvo,
_c1921.
300 _a86 p. ;
_c21 cm.
049 _aBNPD
999 _c13263
_d13263